Datum a čas kvízu
22.5
Celkem bodů
Celkový počet nahraných bodů na tomto kvízu bez doplňovacích otázek.
7.
Pořadí na kvízu
Konečné umístění týmu na tomto kvízu.
Zaznamenané odpovědi
| # | Otázka | Odpověď | Body | Výsledky |
|---|---|---|---|---|
| 1. | Bývalý fotbalista Tomáš Řepka... | 2,5 roku | 1 | |
| 2. | Bílý dům chtěl po americkém ná... | John McCain | 0 | |
| 3. | Spekulace o obsazení hlavní ro... | Robert Pattinson | 0 | |
| 4. | V úterý byl vyhlášen v České r... | Den daňové svobody | 1 | |
| 5. | Jaké bylo konečné skóre finálo... | 4:1 | 0 | |
| 6. | Začneme složením vzduchu. Že j... | 1B 2A 3D 4C | 0 | |
| 7. | Kvalitě vzduchu v restauracích... | 2. čtvrtletí 2017 | 1 | |
| 8. | Seřaďte první čtyři vrstvy atm... | 1A 2D 3B 4C | 0 | |
| 9. | Pod čísly 1 a 2 vidíme označen... | okluzní fronta | 1 | |
| 10. | Vítr je zjednodušeně řečeno po... | meteorismus | 0 |